Statistics for All 3D Mario Games

Click here to take the quiz!

General Stats

  • This quiz has been taken 7 times
  • The average score is 6 of 7

Answer Stats

3D% Correct
Super Mario 64
100%
Super Mario Galaxy
100%
Super Mario Galaxy 2
100%
Super Mario 3D Land
83%
Super Mario Odyssey
83%
Super Mario Sunshine
83%
Super Mario 3D World
67%

Score Distribution

Percentile by Number Answered

Percent of People with Each Score

Your Score History

You have not taken this quiz